Mzdová statistika v zahraničí a podněty pro českou mzdovou statistiku. 1

Medzinárodné organizácie a štatistika miezd. Integrovaný systém mzdovej štatistiky Medzinárodnej organizácie práce. Mzdová štatistika v Európskom štatistickom systéme. Rozvoj mzdovej štatistiky medzinárodných organizácií.

Saved in:
Bibliographic Details
Main Author: Procházka, J.
Format: Book Chapter
Language:Czech
Subjects:
Tags: Add Tag
No Tags, Be the first to tag this record!

MARC

LEADER 00000naa a2200000 4500
001 r018882
005 20221205102801.7
041 0 |a cze 
044 |a CZ 
245 1 0 |a Mzdová statistika v zahraničí a podněty pro českou mzdovou statistiku. 1  |c J. Procházka 
520 |a Medzinárodné organizácie a štatistika miezd. Integrovaný systém mzdovej štatistiky Medzinárodnej organizácie práce. Mzdová štatistika v Európskom štatistickom systéme. Rozvoj mzdovej štatistiky medzinárodných organizácií. 
610 2 0 |a štatistika 
610 2 0 |a mzdy 
610 2 0 |a MOP 
610 2 0 |a organizácie medzinárodné 
100 1 |a Procházka, J.